|
|
|
|
| LEADER |
01136cam a2200313 7i4500 |
| 001 |
0000037004 |
| 005 |
20230131090000.0 |
| 007 |
##ta |
| 008 |
221205s2022 b eng |
| 020 |
# |
# |
|a 9781107081550
|
| 040 |
# |
# |
|a MATR
|
| 090 |
0 |
# |
|a REF 343.087
|b INA
|
| 100 |
1 |
# |
|a Inama, Stefano
|e author
|
| 245 |
1 |
0 |
|a Rules of Origin in International Trade
|c Stefano Inama.
|
| 250 |
# |
# |
|a Second Edition.
|
| 264 |
# |
0 |
|a New York:
|b Cambridge University Press,
|c 2022.
|
| 300 |
# |
# |
|a xlii, 1279 pages:
|b illustrations;
|c 30 cm.
|
| 336 |
# |
# |
|a text
|2 rdacontent
|
| 337 |
# |
# |
|a unmediated
|2 rdamedia
|
| 338 |
# |
# |
|a volume
|2 rdacarrier
|
| 504 |
# |
# |
|a Includes bibliographical references and index
|
| 650 |
# |
0 |
|a Certificates of origin --
|x International trade
|
| 650 |
# |
0 |
|a Customs administration
|
| 650 |
# |
0 |
|a Customs administration --
|x Law and legislation
|
| 650 |
# |
0 |
|a Tariff --
|x Law and legislation
|
| 650 |
# |
0 |
|a Foreign trade regulation
|
| 999 |
|
|
|a 0000041908
|b Book
|c Book
|e Business Information Centre
|
| 999 |
|
|
|a 0000041907
|b Book
|c Book
|e Business Information Centre
|
| 999 |
|
|
|a 0000041906
|b Book
|c Book
|e Business Information Centre
|